Modern short stories / (Record no. 7614)
[ view plain ]
| 000 -LEADER | |
|---|---|
| fixed length control field | 00814cam a2200277 a 4500 |
| 001 - CONTROL NUMBER | |
| JCCL Control Number | 7614 |
| 003 - CONTROL NUMBER IDENTIFIER | |
| JCCL marc code | BD-JhCC |
| 005 - DATE AND TIME OF LATEST TRANSACTION | |
| control field | 20180212122558.0 |
| 008 - FIXED-LENGTH DATA ELEMENTS--GENERAL INFORMATION | |
| fixed length control field | 890728r19671960xna 000 j eng d |
| 035 ## - SYSTEM CONTROL NUMBER | |
| system control number | (BD-JhCC)7614 |
| 040 ## - CATALOGING SOURCE | |
| Original cataloging agency | ANL |
| Transcribing agency | ANL |
| Modifying agency | BD-JhCC |
| 041 ## - LANGUAGE CODE | |
| Language code of Book | eng |
| 082 04 - DEWEY DECIMAL CLASSIFICATION NUMBER | |
| Classification number | 808.831 |
| Author mark and Year | MOR 1960 |
| 245 00 - TITLE STATEMENT | |
| Title | Modern short stories / |
| Statement of responsibility, etc | compiled by A. Lewis Clayfield. |
| 250 ## - EDITION STATEMENT | |
| Edition statement | 3rd ed. rev |
| 260 ## - PUBLICATION, DISTRIBUTION, ETC. (IMPRINT) | |
| Place of publication, distribution, etc | [Sydney] : |
| Name of publisher, distributor, etc | Angus and Robertson, |
| Date of publication, distribution, etc | 1960, 1967. |
| 300 ## - PHYSICAL DESCRIPTION | |
| Pagination | 218 p. ; |
| Dimensions | 19 cm. |
| 500 ## - GENERAL NOTE | |
| General note | First published in 1960. |
| 500 ## - GENERAL NOTE | |
| General note | Containing three new Australian stories. |
| 650 #0 - SUBJECT ADDED ENTRY--TOPICAL TERM | |
| Topical term or geographic name as entry element | Short stories, English. |
| 650 #0 - SUBJECT ADDED ENTRY--TOPICAL TERM | |
| Topical term or geographic name as entry element | Short stories, Australian. |
| 650 #0 - SUBJECT ADDED ENTRY--TOPICAL TERM | |
| Topical term or geographic name as entry element | English fiction |
| Chronological subdivision | 20th century. |
| 700 1# - ADDED ENTRY--PERSONAL NAME | |
| Personal name | Clayfield, A. Lewis |
| Fuller form of name | Albert Lewis |
| 942 ## - ADDED ENTRY ELEMENTS (KOHA) | |
| Source of classification or shelving scheme | Dewey Decimal Classification |
| Koha item type | Books |
| Source of classification or shelving scheme | Damaged status | Not for loan | Home library | Current library | Shelving location | Total Checkouts | Full call number | Barcode | Date last seen | Copy number | Koha item type |
|---|---|---|---|---|---|---|---|---|---|---|---|
| Dewey Decimal Classification | JCC Rouf Library | JCC Rouf Library | General Stacks | 808.831 MOR 1960 | 9682 | 02/12/2018 | C - 1 | Books |